LEADER 07404nam 22010575 450 001 9911006776003321 005 20250627161034.0 010 $a9781523104482 010 $a1523104481 010 $a9783110331585 010 $a3110331586 010 $a9783110389999 010 $a3110389991 024 7 $a10.1515/9783110331585 035 $a(CKB)3710000000469434 035 $a(EBL)1867302 035 $a(SSID)ssj0001543364 035 $a(PQKBManifestationID)16134207 035 $a(PQKBTitleCode)TC0001543364 035 $a(PQKBWorkID)14792239 035 $a(PQKB)11395088 035 $a(MiAaPQ)EBC1867302 035 $a(DE-B1597)212911 035 $a(OCoLC)919297813 035 $a(OCoLC)921297077 035 $a(DE-B1597)9783110331585 035 $a(Perlego)608852 035 $a(EXLCZ)993710000000469434 100 $a20190326d2015 fg 101 0 $aeng 135 $aur|n|---||||| 181 $ctxt 182 $cc 183 $acr 200 00$aBiorefineries $eAn Introduction /$fMichele Aresta, Angela Dibenedetto, Franck Dumeignil 205 $a1st ed. 210 1$aBerlin ;$aBoston :$cDe Gruyter,$d[2015] 210 4$d©2015 215 $a1 online resource (368 p.) 225 0 $aDe Gruyter Textbook 300 $aDescription based upon print version of record. 311 08$a9783110331530 311 08$a3110331535 320 $aIncludes bibliographical references and index. 327 $tFrontmatter --$tPreface --$tContents --$tContributing Authors --$tAbbreviations --$tIntroduction to Biorefinery --$t1. Catalysis, Growth, and Society /$rAresta, Michele / Dibenedetto, Angela / Dumeignil, Franck --$t2. Terrestrial Biomass Production /$rChristou, Myrsini / Alexopoulou, Efthymia / Eleftheriadis, Ioannis / Papamichael, Ioanna / Tsiotas, Kostas / Stolarski, Mariusz / Krzyzaniak, Michal / Themistocles, Charles --$t3. Production and uses of aquatic biomass /$rDibenedetto, Angela / Colucci, Antonella --$t4. Introduction to bioconversion and downstream processing: principles and process examples /$rGroeger, Christin / Sabra, Wael / Zeng, An-Ping --$t5. Microbial strain selection and development for the production of second-generation bioethanol /$rAgrimi, Gennaro / Pisano, Isabella / Ricci, Maria Antonietta / Palmieri, Luigi --$t6. Biomass-derived molecules conversion to chemicals using heterogeneous and homogeneous catalysis /$rKatryniok, Benjamin / Jérôme, François / Monflier, Eric / Paul, Sébastien / Dumeignil, Franck --$t7. Bio-sourced polyolefins /$rGrassi, Alfonso / Buonerba, Antonio / Sanchez, Sheila Ortega --$t8. Conversion of lignocellulosic biomass-derived intermediates to hydrocarbon fuels /$rHeracleous, Eleni / Vasiliadou, Efterpi S. / Iliopoulou, Eleni F. / Lappas, Angelos A. / Lemonidou, Angeliki A. --$t9. Use of bio-sourced syngas /$rRicci, Marco / Perego, Carlo --$t10. Oil chemistry: chemicals, polymers, and fuels /$rCouturier, Jean-Luc / Dubois, Jean-Luc --$t11. Lignin biorefinery: structure, pretreatment and use /$rLange, Heiko / Bartzoka, Elisavet D. / Crestini, Claudia --$t12. Utilization of existing assets /$rRoelant, Raf / Cavani, Fabrizio / Pereira, Carla S.M. / Rodrigues, Alírio E. --$t13. Biogas from wet biomass: basic science and applications /$rAresta, Michele --$tIndex 330 $aBiorefineries compiles the basic science and technologies used to convert terrestrial and aquatic biomass into essential molecular compounds and polymeric materials. The book provides in depth insights into this fairly recent concept of industrial chemistry that aims to achieve optimal economic profits while minimizing the environmental impact. Chapters written by renowned experts cover, amongst others, the application of catalysis, downstream processing, biomass sourced olefins, lignin biorefinery techniques and biogas.The authors thoroughly examine and explain the value chain for biomass conversion into platform molecules and their transformation into final products. A comprehensive thematic overview on the topic giving beginners access to fundamental concepts is presented. Supplemented by numerous full color figures and tables, the contents impart knowledge about the involved techniques. Advanced students and experts in the field will find the summary of state-of-the-art research and current literature of valuable interest. Explores the enormous potential of biomass conversion as a future source for fuels and chemicals Focuses on both general scientific background and current innovations in the field of biorefinery Targets students and researchers in Chemistry, Chemical Engineering, Biotechnology, and Materials Science About the Editors Prof. Michele Aresta, Chair of the Scientific Committee of CIRCC in Italy and holds the IMM Chair at the Department of Chemical and Biomolecular Engineering at NUS, Singapore. He is author of over 200 papers and Author or Editor of nine books. Prof. Angela Dibenedetto, Associate Professor at the Department of Chemistry of the University of Bari (Italy) focused on carbon dioxide utilization by applying biorefinery concepts; and Director of the Interuniversity Consortium on Chemical Reactivity and Catalysis-CIRCC. Prof. Franck Dumeignil, Deputy Director of the CNRS joint Unit of Catalysis and Chemistry of Solid (UCCS) of Lille University (France); project coordinator of several projects on chemistry, including the EuroBioRef Project for designing next generation biorefineries. 410 0$aDe Gruyter graduate. 606 $aBiomass energy 615 0$aBiomass energy. 676 $a662.9 676 $a662.88 701 $aAgrimi$b Gennaro$01823843 701 $aAlexopoulou$b Efthymia$01823844 701 $aBartzoka$b Elisavet D$01823845 701 $aBuonerba$b Antonio$01823846 701 $aCavani$b Fabrizio;Christou, Myrsini;Couturier, Jean-Luc;Crestini, Claudia;Dubois, Jean-Luc;Georgiadou, Maria;Grassi, Alfonso;Lemonidou, Angeliki A.;Palmieri, Luigi;Ricci, Marco$01823847 701 $aColucci$b Antonella$01823848 701 $aEleftheriadis$b Ioannis$01823849 701 $aGroeger$b Christin$01823850 701 $aHeracleous$b Eleni$01823851 701 $aIliopoulou$b Eleni$01823852 701 $aJerome$b Francois$01823853 701 $aKatryniok$b Benjamin$01823854 701 $aKostas$b Tsiotas$01823855 701 $aKrzyzanik$b Michal$01823856 701 $aLange$b Heiko$01823857 701 $aLappas$b Angelos$01823858 701 $aMonflier$b Eric$01823859 701 $aOrtega Sanchez$b Sheila$01823860 701 $aPapamichael$b Ioanna$01823861 701 $aPaul$b Sebastian$01823862 701 $aPerego$b Carlo$01823863 701 $aPereira$b Carla S.M$01823864 701 $aPisano$b Isabella$01823865 701 $aRicci$b M. A$g(Maria Antonietta)$01872240 701 $aRodrigues$b Ali?rio E$020273 701 $aRoelant$b Raf$01823867 701 $aSebra$b Wael$01823868 701 $aStolarski$b Mariusz$01295525 701 $aThemistocles$b Charles$01823869 701 $aVasiliadou$b Efterpi S$01823870 701 $aZeng$b A.-P$g(An-Ping)$01872241 702 $aAresta$b Michele$f1940- 702 $aDibenedetto$b Angela 702 $aDumeignil$b Franck 801 0$bDE-B1597 801 1$bDE-B1597 906 $aBOOK 912 $a9911006776003321 996 $aBiorefineries$94481337 997 $aUNINA